00472nam a2200121Ia 4500008004100000020001800041100002000059245007900079260004900158300005100207500004900258650004300307181023s9999 xx 000 0 und d a9789719806110 aJoven, Arnel E. cArnel E. JovenaPhilippine politics and governance for senior high school/ aQuezon City:bC and E Publishing, Inc.c2017 aviii, 343 pages :bcol. illustration ;c25 cm. aIncludes bibliographical reference and index aPolitics and government -- Philippines